| 000 | 00492nam a2200157Ia 4500 | ||
|---|---|---|---|
| 008 | 240126s9999 xx 000 0 und d | ||
| 022 | _a0974-3529 | ||
| 041 | _aEnglish | ||
| 082 | _aLIBRARY-X | ||
| 245 | 0 | _aInternational Journal of Human Development and Information Systems (IJHDIS) (2012- | |
| 260 |
_bSerials Publications _aNew Delhi |
||
| 440 | _aNULL | ||
| 650 | _aInformation,(IJHDIS),(2012-,Management,Human Development | ||
| 650 | _aManagement, Human Development | ||
| 942 | _cJN | ||
| 999 |
_c269847 _d269847 |
||